书目信息 |
| 题名: |
钓鱼图解手册
|
|
| 作者: | 于小翁 , 达晨 编 | |
| 分册: | ||
| 出版信息: | 北京 北京体育大学出版社 |
|
| 页数: | 357页 | |
| 开本: | 20cm | |
| 丛书名: | ||
| 单 册: | ||
| 中图分类: | G897 | |
| 科图分类: | ||
| 主题词: | 文娱性体育活动 | |
| 电子资源: | ||
| ISBN: | 7-81003-316-6 | |
| 000 | 00579nam0 2200205 450 | |
| 001 | 0634661702 | |
| 005 | 20061102094316.65 | |
| 010 | @a7-81003-316-6@dCNY5.50 | |
| 100 | @a20061102d km y0chiy0120 ea | |
| 101 | 0 | @achi |
| 102 | @aCN@b110000 | |
| 200 | 1 | @a钓鱼图解手册@Adiao yu tu jie shou ce@f于小翁,达晨编@Fyu xiao weng,da chen bian |
| 210 | @a北京@c北京体育大学出版社 | |
| 215 | @a357页@d20cm | |
| 606 | 0 | @a文娱性体育活动 |
| 690 | @aG897@v3 | |
| 701 | 0 | @a于小翁@Ayu xiao weng@4编 |
| 701 | 0 | @a达晨@Ada chen@4编 |
| 801 | 0 | @aCN@bPFT@c20061102 |
| 905 | @a10447@dG897@e119 | |
| 钓鱼图解手册/于小翁,达晨编.-北京:北京体育大学出版社 |
| 357页;20cm |
| ISBN 7-81003-316-6:CNY5.50 |
| ● |
| 相关链接 |
|
|
|
|
正题名:钓鱼图解手册
索取号:G897/119
 
预约/预借
| 序号 | 登录号 | 条形码 | 馆藏地/架位号 | 状态 | 备注 |
| 1 | 0237299 | 000306038 | 第一样本阅览室/ [索取号:G897/119] | 在馆 |